NBA Players by Picture - Jamaica - Statistics

General Stats
  • This quiz has been taken 22 times
  • The average score is 3 of 10
Answer Stats
Picture Answer % Correct
Norman Powell
90%
Nick Richards
57%
Roy Hibbert
57%
Josh Minott
43%
Patrick Ewing Jr.
5%
Jerome Jordan
0%
Omari Johnson
0%
Rumeal Robinson
0%
Samardo Samuels
0%
Wayne Sappleton
0%
No matching quizzes found
Score Distribution
Percent of People with Each Score
Percentile by Number Answered
Your Score History
You have not taken this quiz